Könyvtártudományi kutatások módszertana, a TDK dolgozat gyakorlati kérdései levelező tagozatosoknak /
Elmentve itt :
| Szerző: | |
|---|---|
| Testületi szerző: | |
| Dokumentumtípus: | Prezentáció |
| Megjelent: |
2011
|
| Kulcsszavak: | tudományos munka módszer könyvtártudomány |
| Tárgyszavak: | |
| Online Access: | http://eta.bibl.u-szeged.hu/4814 |
| LEADER | 00784nnm a2200217 i 4500 | ||
|---|---|---|---|
| 001 | eta4814 | ||
| 005 | 20210125124420.0 | ||
| 008 | 210125s2011 hu o 0|| hun d | ||
| 040 | |a SZTE Elektronikus Tananyag Archívum |b hun | ||
| 041 | |a hun | ||
| 100 | 1 | |a Hegyi Ádám | |
| 245 | 1 | 0 | |a Könyvtártudományi kutatások módszertana, a TDK dolgozat gyakorlati kérdései |h [elektronikus dokumentum] : |b levelező tagozatosoknak / |c Hegyi Ádám |
| 260 | |c 2011 | ||
| 300 | |a 14 | ||
| 516 | |a Presentation | ||
| 650 | 4 | |a Bölcsészettudományok | |
| 695 | |a tudományos munka | ||
| 695 | |a módszer | ||
| 695 | |a könyvtártudomány | ||
| 711 | |a Könyvtártudományi TDK |c Szeged, Magyarország |d 2011. 10. 28. | ||
| 856 | 4 | 0 | |u https://eta.bibl.u-szeged.hu/4814/1/2010-0012_81_08.pdf |z Dokumentum-elérés |